Top 20 najpopularniejszych aplikacji mobilnych - Statystyki

Ogólne statystyki
  • Ten quiz został rozwiązany 3 275 razy
  • Średni wynik to 6 z 20
Statystyki odpowiedzi
Lp Liczba internautów (zaokrąglona) Aplikacja % Poprawnych
7 14,1 mln Facebook
93%
11 7,5 mln Instagram
91%
2 19,6 mln YouTube
78%
4 15,3 mln Messenger
70%
1 20 mln Google
68%
9 8,8 mln WhatsApp Messenger
42%
5 15,3 mln Gmail
27%
19 3,9 mln Allegro
25%
3 17,7 mln Mapy Google
20%
17 4,4 mln Aliexpress
9%
6 14,4 mln Dysk Google
9%
18 4,1 mln McDonald's
9%
8 12,6 mln Zdjęcia Google
9%
12 6,7 mln Google Duo
6%
16 4,7 mln Wiadomości (Google Inc.)
6%
14 5,5 mln Gry Google Play
4%
15 4,9 mln Lidl Plus
4%
20 3,8 mln Filmy Google Play
3%
10 7,7 mln Muzyka Google Play
3%
13 5,6 mln Rossmann PL
2%
Nie znaleziono quizów pasujących do podanych kryteriów
Rozkład punktacji
Procent ludzi z każdym wynikiem
Percentyl według liczby udzielonych odpowiedzi
Twoja historia wyników
Nie rozwiązałeś tego quizu